| 000 | 01329nam a2200265Ia 4500 | ||
|---|---|---|---|
| 003 | OSt | ||
| 005 | 20250408154425.0 | ||
| 008 | 191128s2012 ck er 000 f spa d | ||
| 020 | _a9789588611792 | ||
| 040 |
_aCO-JMCR _cCO-JMCR |
||
| 082 |
_aA-N _bALLd |
||
| 100 | 1 |
_aAllende, Isabel, _eautora _933 |
|
| 245 | 1 | 0 |
_aDe amor y de sombra / _cIsabel Allende |
| 250 | _aPrimera edición | ||
| 260 |
_a[Bogotá] : _bDebolsillo, _c2012 |
||
| 300 |
_a317 páginas ; _c19 cm. |
||
| 490 | 0 | _aContemporánea | |
| 500 | _aIncluye datos biográficos de la autora. | ||
| 505 | 0 | _aOtra primavera -- Las sombras -- Dulce patria | |
| 520 | _aÉsta es la historia de una mujer y de un hombre que se amaron en plenitud, salvándose así de una existencia vulgar. Segunda novela de Isabel Allende, De amor y de sombra es un agudo testimonio de las dramáticas situaciones que se viven en ciertas regiones de América Latina, al tiempo que un canto de amor y de esperanza. Un conmovedor testimonio en el cual la autora no pretende denunciar lo ya sabido, sino mediante un exquisito arte de novelista ahondar en el sentido de todo lo que pasa y hacerlo más humano. | ||
| 650 | 1 | 4 |
_aNovela chilena _ySiglo XX _91036 |
| 650 | 1 | 4 |
_aLiteratura chilena _ySiglo XX _91037 |
| 650 | 1 | 4 |
_aCortejo amoroso en la literatura _91038 |
| 942 |
_2ddc _cBK |
||
| 999 |
_c4028 _d4028 |
||